000 00536nam a22001577a 4500
003 macl
005 20191127125553.0
008 191127b xxu||||| |||| 00| 0 eng d
040 _cmacl
082 _a080
100 _aरमन पाण्‍डेय / श्रावणी
_977317
245 _aव्‍यक्तित्‍व विकास
260 _aदिल्‍ली
_bआधुनिक शब्‍द शिल्‍पी
_c2018
650 _aसामान्‍य वर्ग
_936
942 _2ddc
_cHIN
999 _c61425
_d61425